世界人口ランキングtop100 - Statistics

General Stats
  • This quiz has been taken 2,651 times
  • The average score is 67 of 100
Answer Stats
順位 国・地域 人口 % Correct
1 インド 14億2862万7663人
99%
2 中国 14億2567万1352人
99%
3 アメリカ 3億3999万6563人
99%
12 日本 1億2329万4513人
98%
4 インドネシア 2億7753万4122人
96%
7 ブラジル 2億1642万2446人
96%
9 ロシア 1億4444万4359人
96%
10 メキシコ 1億2845万5567人
92%
21 イギリス 6773万6802人
92%
19 ドイツ 8329万4633人
91%
23 フランス 6475万6584人
91%
14 エジプト 1億1271万6598人
90%
38 カナダ 3878万1291人
90%
55 オーストラリア 2643万9111人
89%
24 南アフリカ 6041万4495人
88%
29 韓国 5178万4059人
88%
5 パキスタン 2億4048万5658人
87%
6 ナイジェリア 2億2380万4632人
87%
32 スペイン 4751万9628人
87%
33 アルゼンチン 4577万3884人
87%
20 タイ 7180万1279人
86%
25 イタリア 5887万0762人
86%
40 サウジアラビア 3694万7025人
84%
16 ベトナム 9885万8950人
83%
8 バングラデシュ 1億7295万4319人
82%
17 イラン 8917万2767人
82%
65 チリ 1962万9590人
82%
18 トルコ 8581万6199人
81%
93 ポルトガル 1024万7605人
81%
13 フィリピン 1億1733万7368人
79%
41 ウクライナ 3674万4634人
79%
34 アルジェリア 4560万6480人
78%
35 イラク 4550万4560人
78%
46 マレーシア 3430万8525人
78%
66 カザフスタン 1960万6633人
75%
37 ポーランド 4102万6067人
74%
39 モロッコ 3784万0044人
73%
72 オランダ 1761万8299人
73%
91 ギリシャ 1034万1277人
73%
100 オーストリア 895万8960人
73%
11 エチオピア 1億2652万7060人
72%
26 ケニア 5510万0586人
72%
56 北朝鮮 2616万0821人
72%
87 スウェーデン 1061万2086人
72%
27 ミャンマー 5457万7997人
71%
28 コロンビア 5208万5168人
71%
73 カンボジア 1694万4826人
71%
15 コンゴ民主共和国 1億0226万2808人
70%
36 アフガニスタン 4223万9854人
68%
45 ペルー 3435万2719人
68%
31 スーダン 4810万9006人
67%
82 ベルギー 1168万6140人
67%
98 イスラエル 917万4520人
64%
43 ウズベキスタン 3516万3944人
63%
47 ガーナ 3412万1985人
63%
49 ネパール 3089万6590人
62%
89 チェコ共和国 1049万5295人
62%
52 ベネズエラ 2883万8499人
61%
58 マリ 2329万3698人
61%
96 アラブ首長国連邦 951万6871人
61%
57 台湾 2392万3276人
60%
69 ソマリア 1814万3378人
60%
64 ルーマニア 1989万2812人
59%
85 キューバ 1119万4449人
59%
86 南スーダン 1108万8796人
59%
61 スリランカ 2189万3579人
58%
68 エクアドル 1819万0484人
58%
75 ギニア 1419万0612人
58%
94 ハンガリー 1015万6239人
58%
22 タンザニア 6743万8106人
57%
51 コートジボワール 2887万3034人
57%
97 ベラルーシ 949万8238人
56%
50 マダガスカル 3032万5732人
55%
60 シリア 2322万7014人
55%
79 チュニジア 1245万8223人
55%
95 タジキスタン 1014万3543人
54%
92 パプアニューギニア 1032万9931人
53%
54 ニジェール 2720万2843人
52%
80 ボリビア 1238万8571人
52%
44 イエメン 3444万9825人
51%
67 チャド 1827万8568人
51%
42 アンゴラ 3668万4202人
50%
90 アゼルバイジャン 1041万2651人
50%
48 モザンビーク 3389万7354人
49%
53 カメルーン 2864万7293人
47%
71 セネガル 1776万3163人
47%
63 ザンビア 2056万9737人
45%
83 ヨルダン 1133万7052人
45%
30 ウガンダ 4858万2334人
43%
74 ジンバブエ 1666万5409人
43%
99 トーゴ 905万3799人
42%
84 ドミニカ共和国 1133万2972人
40%
76 ルワンダ 1409万4683人
39%
77 ベナン 1371万2828人
37%
59 ブルキナファソ 2325万1485人
36%
88 ホンジュラス 1059万3798人
34%
70 グアテマラ 1809万2026人
32%
78 ブルンジ 1323万8559人
32%
81 ハイチ 1172万4763人
31%
62 マラウイ 2093万1751人
30%
No matching quizzes found
Score Distribution
Percent of People with Each Score
Percentile by Number Answered
Your Score History
You have not taken this quiz